Logo CIB grande

AN INVENTORY OF HYDRODYNAMIC ELEMENTS FOR CYLINDERS UNDER WAVE CONDITIONS (Registro nro. 196433)

Detalles MARC
000 -LEADER
campo de control de longitud fija 00554nam a2200217Ia 4500
005 - FECHA Y HORA DE LA ÚLTIMA TRANSACCIÓN
campo de control 20250425160812.0
008 - DATOS DE LONGITUD FIJA--INFORMACIÓN GENERAL
campo de control de longitud fija 250425s9999 xx 000 0 und d
020 ## - NÚMERO INTERNACIONAL ESTÁNDAR DEL LIBRO
Número Internacional Estándar del Libro 9021270013
041 ## - CÓDIGO DE IDIOMA
Código de lengua del texto/banda sonora o título independiente eng
082 ## - NÚMERO DE LA CLASIFICACIÓN DECIMAL DEWEY
Número de clasificación 627.042
010 ## - NÚMERO DE CONTROL DE LA BIBLIOTECA DEL CONGRESO
Número de control de LC 5555
100 ## - ENTRADA PRINCIPAL--NOMBRE DE PERSONA
Nombre de persona HAUGUEL, A
245 #0 - MENCIÓN DEL TÍTULO
Título AN INVENTORY OF HYDRODYNAMIC ELEMENTS FOR CYLINDERS UNDER WAVE CONDITIONS
250 ## - MENCION DE EDICION
Mención de edición S.E.
260 ## - PUBLICACIÓN, DISTRIBUCIÓN, ETC.
Lugar de publicación, distribución, etc. Países Bajos, Holanda
Nombre del editor, distribuidor, etc. IAHR
Fecha de publicación, distribución, etc. 1950
260 ## - PUBLICACIÓN, DISTRIBUCIÓN, ETC.
Lugar de publicación, distribución, etc. ROTHERHAM
650 ## - PUNTO DE ACCESO ADICIONAL DE MATERIA--TÉRMINO DE MATERIA
Término de materia o nombre geográfico como elemento de entrada HIDRODINAMICA
700 ## - ENTRADA AGREGADA--NOMBRE PERSONAL
Nombre de persona LEPETIT, J. P.
700 ## - ENTRADA AGREGADA--NOMBRE PERSONAL
Nombre de persona SABATON, M.
942 ## - ELEMENTOS DE ENTRADA SECUNDARIOS (KOHA)
Tipo de ítem Koha Libros
Existencias
Estatus retirado Estado de pérdida Fuente de la clasificación o esquema de estantería Estado de daño No para préstamo Biblioteca de origen Biblioteca actual Fecha de adquisición Coste, precio normal de compra Total de préstamos Código de barras Copia número Tipo de ítem Koha
    Clasificación Decimal Dewey     CENTRO DE INFORMACIÓN BIBLIOTECARIA CENTRO DE INFORMACIÓN BIBLIOTECARIA 26/06/1998 0.01   12788 1 Libros

Copyright 2025 ESPOL. Todos los derechos reservados.